Slovenské ľudové piesne
Uložené v:
| Korporatívny autor: | |
|---|---|
| Médium: | Zvuková nahrávka |
| Jazyk: | Slovak |
| Vydané: |
Praha :
Supraphon,
1963.
|
| Fyzický popis: |
1 gramofónová platňa : analog, 45 ; 17 cm. |
| Tagy: |
Pridať tag
Žiadne tagy, Buďte prvý kto otaguje tento záznam!
|
Titul je dostupný aj v ... 

MARC
| LEADER | 00000njm a2200000 a 4500 | ||
|---|---|---|---|
| 001 | 000508317 | ||
| 003 | SVKKK | ||
| 005 | 20160606083805.0 | ||
| 008 | 160603s1963 xo slo d | ||
| 028 | 0 | 1 | |a 03040 |b Supraphon |
| 040 | |a SVKKK |b slo |c SVKKK |e AACR2 | ||
| 041 | 0 | |a slo | |
| 044 | |a xr |c CZ | ||
| 245 | 1 | 0 | |a Slovenské ľudové piesne |h zvukový záznam |c Ľudový súbor Eugena Farkaša. |
| 260 | |a Praha : |b Supraphon, |c 1963. | ||
| 300 | |a 1 gramofónová platňa : |b analog, 45 ; |c 17 cm. | ||
| 505 | 0 | |t A okolo Levoči -- |t Veje vetor po ovesném klasu -- |t Černa vlna bílém beránku -- |t Zahučaly hory, zahučaly lesy | |
| 511 | 0 | |a Alžbeta Kubánková, Štefan Lesay, Ľudový súbor Eugena Farkaša | |
| 710 | 2 | |a Ľudový súbor Eugena Farkaša |4 prf | |
| 910 | |a svkkk | ||
| 998 | |a AM | ||
| 090 | |g SCKHL |k Sklad Pribinova 1. posch. |a IG.115 |j 1325 |i 2720351650 |s Prezenčne CD, DVD | ||
| 924 | |a AVM | ||